Loading...
| Beliefs | 1 | 3 | 0 | 1 | 45 | 93 | 125.50 | 1 | 3 | 0.00 | 0.00 |
| Science - Chemistry | 1 | 2 | 0 | 0 | 35 | 46 | 71.00 | 1 | 2 | 0.00 | 0.00 |
| Fine Arts - Other | 0 | 3 | 0 | 0 | 30 | 81 | 105.33 | 0 | 1 | 0.00 | 0.00 |
| Science - Biology | 0 | 2 | 0 | 0 | 20 | 88 | 112.50 | 0 | 0 | 0.00 | 0.00 |
| Modern World | 1 | 0 | 0 | 0 | 15 | 54 | 54.00 | 0 | 1 | 0.00 | 0.00 |
| History - Other | 0 | 1 | 0 | 0 | 10 | 90 | 90.00 | 1 | 1 | 0.00 | 0.00 |
| Science - Earth | 0 | 1 | 0 | 1 | 10 | 134 | 134.00 | 0 | 0 | 0.00 | 0.00 |
| Geography | 0 | 1 | 0 | 0 | 10 | 115 | 115.00 | 0 | 0 | 0.00 | 0.00 |
| Fine Arts - Classical Music and Opera | 0 | 1 | 0 | 1 | 10 | 171 | 171.00 | 0 | 0 | 0.00 | 0.00 |
| Literature - World | 0 | 1 | 1 | 0 | 5 | 114 | 114.00 | 0 | 0 | 0.00 | 0.00 |
| History - World | 0 | 0 | 0 | 0 | 0 | 0.00 | 0 | 0 | 0.00 | 0.00 | |
| Science - Other | 0 | 0 | 0 | 0 | 0 | 0.00 | 0 | 0 | 0.00 | 0.00 | |
| Social Science | 0 | 0 | 1 | 0 | -5 | 0.00 | 0 | 0 | 0.00 | 0.00 |